Подготовка к вечной жизни (Запись № 1710139)

Подробности
000 -МАРКЕР
контрольное поле 02007nam0a2200373 4500
001 - ИДЕНТИФИКАТОР ЗАПИСИ
контрольное поле RU\NLR\bibl\1490550
005 - ИДЕНТИФИКАТОР ВЕРСИИ
контрольное поле 20260407181612.0
021 ## - НОМЕР ГОСУДАРСТВЕННОЙ РЕГИСТРАЦИИ
Код страны российская федерация
Номер 2010-7164
Номер Листа государственной регистраци 465
035 ## - ДРУГИЕ СИСТЕМНЫЕ НОМЕРА
Идентификатор записи (nilc)RSL-KNO-004578661
035 ## - ДРУГИЕ СИСТЕМНЫЕ НОМЕРА
Идентификатор записи (NLR Aleph) 001482121
100 ## - ДАННЫЕ ОБЩЕЙ ОБРАБОТКИ
Данные общей обработки 20100205d2008 |||y0rusy50 ca
101 1# - ЯЗЫК РЕСУРСА
Язык текста, звукозаписи и т.д. русский
Язык оригинала не определено
102 ## - СТРАНА ПУБЛИКАЦИИ ИЛИ ПРОИЗВОДСТВА
Страна публикации российская федерация
105 ## - ПОЛЕ КОДИРОВАННЫХ ДАННЫХ: ТЕКСТОВЫЕ МАТЕРИАЛЫ, МОНОГРАФИЧЕСКИЕ
Кодированные данные о монографическом текстовом документе a |||||||||
200 1# - ЗАГЛАВИЕ И СВЕДЕНИЯ ОБ ОТВЕТСТВЕННОСТИ
Основное заглавие Подготовка к вечной жизни
Сведения, относящиеся к заглавию [учебное пособие
Первые сведения об ответственности Абу Хамид аль-Газали
Последующие сведения об ответственности пер. и ред.: М. А. Омаров, М. П. Гаджиев
-- подстрочный пер. стихов: М. - Р. М. Омаров]
-- Северо-Кавказский унив. центр исламского образования и науки, Ин-т теологии и религиоведения
210 ## - ПУБЛИКАЦИЯ, РАСПРОСТРАНЕНИЕ И ДР.
Место издания, распространения и т.д. Махачкала
Имя издателя, распространителя и т. д. Ихсан
Дата издания, распространения и т.д. 2008
215 ## - ФИЗИЧЕСКАЯ ХАРАКТЕРИСТИКА
Специфическое обозначение материала и объем 153 с.
Другие сведения о физической характеристике ил.
Размеры 21
300 ## - ОБЩИЕ ПРИМЕЧАНИЯ
Текст примечания На обл. авт.: Абу Хамид аль-Газали, Ибн Хаджар аль-Аскаляни, Мухаммад-амин аль-Курди, Саид-афанди аль-Чиркови
606 1# - НАИМЕНОВАНИЕ ТЕМЫ КАК ПРЕДМЕТ
Наименование темы Богословие мусульманское
Системный номер авторитетной/нормативной записи 1077808
Идентификатор авторитетной/нормативной записи RU\NLR\auth\66102067
686 ## - ИНДЕКСЫ ДРУГИХ КЛАССИФИКАЦИЙ
Индекс Э38-422.2,12
Код системы
686 ## - ИНДЕКСЫ ДРУГИХ КЛАССИФИКАЦИЙ
Индекс Э38-4
702 #1 - ИМЯ ЛИЦА - ВТОРИЧНАЯ ОТВЕТСТВЕННОСТЬ
Код отношения Составитель
Материалы, к которым относится поле rus
Графика поля Кириллица
Начальный элемент ввода Газали
Часть имени, кроме начального элемента ввода А. Х. М.
Даты 1058-1111
Расширение инициалов личного имени Абу Хамид Мухаммед
Идентификатор авторитетной/нормативной записи RU\NLR\auth\7712689
Системный номер авторитетной/нормативной записи 122400
702 #1 - ИМЯ ЛИЦА - ВТОРИЧНАЯ ОТВЕТСТВЕННОСТЬ
Код отношения Редактор
Материалы, к которым относится поле rus
Графика поля Кириллица
Начальный элемент ввода Омаров
Часть имени, кроме начального элемента ввода М. А.
Дополнения к именам, кроме дат религиовед, переводчик
Идентификатор авторитетной/нормативной записи RU\NLR\AUTH\7788400
Системный номер авторитетной/нормативной записи 71328
702 #1 - ИМЯ ЛИЦА - ВТОРИЧНАЯ ОТВЕТСТВЕННОСТЬ
Начальный элемент ввода Омаров
Часть имени, кроме начального элемента ввода М. -Р.М.
Код отношения Переводчик
712 02 - НАИМЕНОВАНИЕ ОРГАНИЗАЦИИ - ВТОРИЧНАЯ ОТВЕТСТВЕННОСТЬ
Код отношения Прочие
Начальный элемент ввода Северо-Кавказский университетский центр исламского образования и науки
Идентифицирующий признак Махачкала
Идентификатор авторитетной/нормативной записи RU\NLR\AUTH\8810116403
Системный номер авторитетной/нормативной записи 732068
801 #0 - ИСТОЧНИК ЗАПИСИ
Страна российская федерация
Организация RuMoRGB
Дата составления 20100205
Правила каталогизации RCR
801 #1 - ИСТОЧНИК ЗАПИСИ
Страна российская федерация
Организация RuMoRGB
Дата составления 20100205
801 #2 - ИСТОЧНИК ЗАПИСИ
Страна российская федерация
Организация NLR
Дата составления 20100325
Правила каталогизации rcr
942 ## - ДОПОЛНИТЕЛЬНЫЕ ЭЛЕМЕНТЫ ЗАПИСИ (АБИС)
Тип экземпляра АБИС Книга
980 ## - КОЛЛЕКЦИЯ
Название коллекции Национальная библиография
980 ## - КОЛЛЕКЦИЯ
Название коллекции НБР
Экземпляры
Тип экземпляра Дата поступления Источник поступления Библиотека постоянного хранения Библиотека текущего хранения Место хранения Шифр хранения Штрих-код Статус не для выдачи
Книга 25.03.2010 Обязательный экземпляр РНБ (Московский) РНБ (Московский) Русский книжный фонд: издания с 1957 года, 8этаж 2010-3/9688 1-1632925  
Книга 25.03.2010 Обязательный экземпляр РНБ (Московский) РНБ (Московский) Русский книжный фонд: издания с 1957 года, 8этаж 2010-3/9688 3134183